000
00323nam a22001217a 4500
003
SGT
082
_a
891.4309
_b
P20G
100
_a
गुप्ता, श्याम
245
_a
प्रेरणा पुष्प भाग - 8
260
_b
एकल प्रकाशन
_c
2020
300
_a
322
942
_2
ddc
_c
BK
999
_c
31253
_d
31253